000 00249nam a22001097a 4500
082 _a001
_bNAT/Q-1
245 _aQUIZ WHIZ
260 _aWASHINGTON
_bNATIONAL GEOGRAPHIC SOCIETY
300 _a175
650 _aGENERAL KNOWLEDGE
_zWASHINGTON
942 _cBK
999 _c2070
_d2070